| 000 | 00885nas a2200265 4500 | ||
|---|---|---|---|
| 001 | BR8200899 | ||
| 003 | BR-BrBNA | ||
| 005 | 20231205085032.0 | ||
| 007 | ta | ||
| 008 | 230509b bl.|||p| |||| 00| 00por d | ||
| 040 |
_aBR-BrBNA _bpor _cBiblioteca Nacional de Agricultura |
||
| 041 | _a(Pt) | ||
| 072 | _aK20 | ||
| 100 | 1 | _aAlencar, J. da C. | |
| 100 | 1 | _aAraujo, V.C. de | |
| 245 | 1 | _aIncremento anual do pau-rosa (Aniba duckei Kostermans)Lauraceae, em floresta tropical umida primaria | |
| 246 | 1 | _a[Yearly increment of Aniba duckei Kostermans Lauraceae, in humid primary tropical forest] | |
| 650 | _aAdministracao florestal | ||
| 650 | _aPau rosa | ||
| 650 | _aDendrometria | ||
| 650 | _aFloresta | ||
| 773 | 0 |
_tActa Amazonica (Brazil) _xISSN 0044-5967 _g(Sep 1981), v. 11(3) p. 547-552 _wBR8200899 |
|
| 909 |
_a202311 _bLúcia _c55 _dLúcia Elande |
||
| 942 |
_2AGRIS _n0 _cANA |
||
| 999 |
_c108815 _d108815 |
||